Wrestling Observer Most Charismatic - Statistics

General Stats
  • This quiz has been taken 120 times
    60 since last reset
  • The average score is 33 of 46
Answer Stats
Year Promotion Winner % Correct
2010 WWE John Cena
94%
2009 WWE John Cena
94%
2008 WWE John Cena
94%
2007 WWE John Cena
94%
2006 WWE John Cena
94%
2024 WWE The Rock
86%
2012 WWE The Rock
86%
2011 WWE The Rock
86%
2002 WWE The Rock
86%
2001 WWF The Rock
86%
2000 WWF The Rock
86%
1999 WWF The Rock
86%
1993 WWF/WCW Ric Flair
80%
1984 NWA Ric Flair
80%
1983 NWA Ric Flair
80%
1982 NWA Ric Flair
80%
1980 NWA Ric Flair
80%
1991 WWF Hulk Hogan
78%
1990 WWF Hulk Hogan
78%
1989 WWF Hulk Hogan
78%
1987 WWF Hulk Hogan
78%
1986 WWF Hulk Hogan
78%
1985 WWF Hulk Hogan
78%
1996 WWF Shawn Michaels
78%
1995 WWF Shawn Michaels
78%
1998 WWF "Stone Cold" Steve Austin
78%
1997 WWF "Stone Cold" Steve Austin
78%
1982 NWA Dusty Rhodes
76%
2023 AEW MJF
74%
2022 AEW MJF
74%
2020 AEW MJF
74%
2019 AEW Chris Jericho
72%
2021 AEW CM Punk
68%
1992 WCW Sting
68%
1988 WCW Sting
68%
2016 UFC Conor McGregor
64%
2005 WWE Eddie Guerrero
64%
2004 WWE Eddie Guerrero
64%
2015 NJPW Shinsuke Nakamura
62%
2014 NJPW Shinsuke Nakamura
62%
2013 NJPW Hiroshi Tanahashi
54%
2018 NJPW Tetsuya Naito
46%
2017 NJPW Tetsuya Naito
46%
1994 FMW Atsushi Onita
24%
2003 NJPW/K-1 Bob Sapp
20%
1981 WCCW Michael Hayes
16%
No matching quizzes found
Score Distribution
Percent of People with Each Score
Percentile by Number Answered
Your Score History
You have not taken this quiz since the last reset